Adaptation of fugacity models to treat speciating chemicals with constant species concentration ratios /

Đã lưu trong:
書目詳細資料
主要作者: Toose, Liisa K.
其他作者: Mackay, Donald.
格式: Bài viết
語言:English
主題:
標簽: 添加標簽
沒有標簽, 成為第一個標記此記錄!
Thư viện lưu trữ: Thư viện Trường Đại học Đà Lạt
LEADER 00922nam a2200301 4500
001 DLU090094917
005 ##20091201
040 # # |a DLU  |b eng 
041 # # |a eng 
044 # # |a us 
100 # # |a Toose, Liisa K. 
245 # # |a Adaptation of fugacity models to treat speciating chemicals with constant species concentration ratios /  |c Liisa K. Toose, Donald Mackay. 
653 # # |a Fugacity 
653 # # |a Material balance 
653 # # |a Pollutant behavior 
653 # # |a Pollution 
653 # # |a Speciation 
700 # # |a Mackay, Donald.  
773 # # |t Environmental Science & Technology  |g Vol. 38, no. 17 (September 2004), p. 4619-4626 
920 # # |a Phòng Tạp chí -- Trung tâm Thông tin - Thư viện Trường Đại học Đà Lạt 
994 # # |a DLU 
900 # # |a True 
911 # # |a Trương Bảo Trâm Anh 
925 # # |a G 
926 # # |a A 
927 # # |a BB 
980 # # |a Thư viện Trường Đại học Đà Lạt